OSI Model & TCP/IP Model - Statistics

General Stats
  • This quiz has been taken 175 times
  • The average score is 12 of 16
Answer Stats
Hint Answer % Correct
OSI 1 Application
94%
TCP/IP 1 Application
94%
OSI 4 Transport
90%
TCP/IP 2 Transport
90%
Type 1 Data
84%
TCP/IP 3 Network (Internet)
84%
OSI 7 Physical
84%
OSI 5 Network
81%
OSI 2 Presentation
71%
OSI 3 Session
70%
Type 5 Bits
65%
OSI 6 Data Link
65%
Type 3 Packets
60%
TCP/IP 4 Network Interface (Link)
49%
Type 4 Frames
44%
Type 2 Segments
36%
No matching quizzes found
Score Distribution
Percent of People with Each Score
Percentile by Number Answered
Your Score History
You have not taken this quiz